Subdivision capitals closest to Mohiljou (BY) - Statistics

General Stats
  • This quiz has been taken 11 times
  • The average score is 9 of 20
Answer Stats
Distance (km) Answer % Correct
3 168 Homelj
100%
15 383 Kijiv
100%
4 181 Minsk
100%
10 339 Vilnius
100%
2 149 Smoljensk
67%
1 144 Vicebsk
67%
6 279 Brijansk
33%
5 275 Černjihiv
33%
8 328 Daugavpils
33%
18 404 Jēkabpils
33%
16 392 Kaluga
33%
7 301 Krāslava
33%
14 380 Līvāni
33%
17 394 Orel
33%
12 351 Preiļi
33%
11 347 Rēzekne
33%
13 352 Utena
33%
20 413 Alytus
0%
19 408 Balvi
0%
9 338 Ludza
0%
No matching quizzes found
Score Distribution
Percent of People with Each Score
Percentile by Number Answered
Your Score History
You have not taken this quiz